000 00750cab a2200217 4500
001 WB3421-08
008 090401t xxu||||| |||| 00| 0 eng d
035 _a(Sirsi) u86568
041 _aeng
245 _aTermite colony marches on
260 _c(421) 2 June 1998(4)
350 _a0
490 _aGuardian
_v3 June 1998, 4
490 _aTimes
_v3 June 1998, 8
490 _aDETR News Release
_v(421) 2 June 1998(4)
520 _aPest control experts will begin attempts next week to eradicate a colony of more than a million house-eating termites in the north Devon coast which has already eaten its way through a £200,000 house.
650 _aTERMITES
690 _aBUILT ENVIRONMENT-BUILDING PATHOLOGY
942 _n0
948 _c03/06/1998
999 _c54497
_d54497